| 000 | 00394nam a22001217a 4500 | ||
|---|---|---|---|
| 082 | _aTHE 200 | ||
| 100 |
_aMUHAMMAD SHAHZAD ANWAR, _972878 |
||
| 245 | _aTH-SOF-0621-COMPARATIVE PERFORMANCE EVALUATION OF LDPC CEDED AND TURBO CODED OFDM SYSTEMS | ||
| 260 |
_aNUST COLLEGE OF EME _bISLAMABAD _c2018 |
||
| 650 |
_a MS-ELECT-55 MSTHESIS _972849 |
||
| 700 |
_a DR.MUHAMMAD SALMAN _929314 |
||
| 942 | _cCF | ||
| 999 |
_c578848 _d578848 |
||